Travelling objects : changing values : the role of Northern Alpine lake-dwelling communities in exchange and communication networks during the late Bronze Age /
Since their initial discovery in the nineteenth century, the enigmatic prehistoric lake-dwellings of the Circum-Alpine region have captured the imagination of the public and archaeologists alike. Over 150 years of research have identified hundreds of lacustrine settlements spanning from the Neolithi...
المؤلف الرئيسي:
التنسيق: كتاب الكتروني
اللغة: English
منشور في:
Oxford :
Archaeopress,
[2014]
سلاسل:
Archaeopress archaeology.
الموضوعات:
الوصول للمادة أونلاين: Login to view Source
الوسوم: إضافة وسم
رقم الطلب: GN785
| LEADER | 02409nam a2200421 i 4500 | ||
|---|---|---|---|
| 001 | EDZ0001356307 | ||
| 003 | StDuBDS | ||
| 005 | 20230412183309.0 | ||
| 006 | m|||||o||d|||||||| | ||
| 007 | cr ||||||||||| | ||
| 008 | 160301t20142014enka fob 000|0|eng|d | ||
| 020 | |a 9781905739943 (PDF ebook) : |c No price | ||
| 040 | |a StDuBDS |b eng |c StDuBDS |e rda |e pn | ||
| 050 | 4 | |a GN785 | |
| 082 | 0 | 4 | |a 936.01 |2 23 |
| 100 | 1 | |a Jennings, Benjamin, |e author. | |
| 245 | 1 | 0 | |a Travelling objects : |b changing values : the role of Northern Alpine lake-dwelling communities in exchange and communication networks during the late Bronze Age / |c Benjamin Jennings. |
| 264 | 1 | |a Oxford : |b Archaeopress, |c [2014] | |
| 264 | 4 | |c ©2014 | |
| 300 | |a 1 online resource : |b illustrations (black and white). | ||
| 336 | |a text |2 rdacontent | ||
| 336 | |a still image |2 rdacontent | ||
| 337 | |a computer |2 rdamedia | ||
| 338 | |a online resource |2 rdacarrier | ||
| 490 | 1 | |a Archaeopress archaeology | |
| 504 | |a Includes bibliographical references. | ||
| 520 | 8 | |a Since their initial discovery in the nineteenth century, the enigmatic prehistoric lake-dwellings of the Circum-Alpine region have captured the imagination of the public and archaeologists alike. Over 150 years of research have identified hundreds of lacustrine settlements spanning from the Neolithic to the Late Bronze Age, when apparently, they ceased to be built. Studies of Bronze Age material across Europe have often superficially identified bronze objects as being of 'Alpine lake-dwelling origin' or 'lake-dwelling style'. Through a combination of material culture studies, multiple correspondence analysis, and the principle of object biographies, the role of the Late Bronze Age lake-dwelling communities in Central European exchange networks is addressed. | |
| 521 | |a Specialized. | ||
| 588 | |a Description based on online resource; title from home page (viewed on March 16, 2016). | ||
| 650 | 0 | |a Lake-dwellers and lake-dwellings |z Europe. | |
| 650 | 0 | |a Bronze age |z Europe. | |
| 650 | 0 | |a Excavations (Archaeology) |z Europe. | |
| 776 | 0 | 8 | |i Print version : |z 9781905739936 |
| 830 | 0 | |a Archaeopress archaeology. | |
| 856 | 4 | 0 | |3 Archaeopress |u http://library.arce.org:8087/Archaeopress/Products/9781905739936 |
| 942 | |2 lcc |c EBOOK | ||
| 952 | |0 0 |1 0 |4 0 |6 GN0785 |7 1 |9 46929 |a ARCH |b ARCH |d 2023-04-12 |l 0 |o GN785 |r 2023-04-12 00:00:00 |w 2023-04-12 |y EBOOK | ||
| 999 | |c 52587 |d 52587 | ||
